Biochemistry and physiology of herbicide action /

Bibliographic Details
Main Author: Fedtke, Carl, 1940-
Format: Book
Language:English
Published: Berlin ; New York : Springer-Verlag, 1982.
Subjects:

MARC

Tag First Indicator Second Indicator Subfields
LEADER 00000pam a2200000 a 4500
001 in00000090094
005 20151008065548.0
008 811125s1982 wb a b 00110 eng
010 |a  81021357  
020 |a 0387112316 (U.S.) 
035 |a (OCoLC)08034617 
035 |9 AAK6178AM 
039 0 |a 2  |b 3  |c 3  |d 3  |e 3 
040 |a DLC  |c DLC  |d TXA  |d UtOrBLW 
049 |a TXAM  |c [802417] 
050 0 0 |a QK753 H45  |b  F4 1982 
082 0 |a 581.1/33  |2 19 
100 1 |a Fedtke, Carl,  |d 1940- 
245 1 0 |a Biochemistry and physiology of herbicide action /  |c Carl Fedtke. 
264 1 |a Berlin ;  |a New York :  |b Springer-Verlag,  |c 1982. 
300 |a xi, 202 pages :  |b illustrations ;  |c 25 cm. 
336 |a text  |b txt  |2 rdacontent 
337 |a unmediated  |b n  |2 rdamedia 
338 |a volume  |b nc  |2 rdacarrier 
504 |a Includes bibliographical references and index. 
650 0 |a Plants  |x Effect of herbicides on. 
650 0 |a Plants  |x Metabolism. 
999 |a MARS 
999 f f |s 8c8c94a3-1ceb-3b7a-b571-a0b10e35e6c5  |i 95185bb4-d2e2-38f9-90c3-91d8f69a4c58  |t 0 
952 f f |p ric  |a Texas A&M University  |b Rellis Campus  |c Joint Library Facility  |d Remote Storage  |t 0  |e QK753 H45 F4 1982  |h Library of Congress classification  |i unmediated -- volume  |m A14806001954 
998 f f |a QK753 H45 F4 1982  |t 0  |l Remote Storage